000 00922nam a22003017a 4500
003 CHAP
005 20220329143602.0
008 100726s1980 us a r 00010 eng d
010 _a98894
011 _a99866
020 _a006388450X
035 _a110552
040 _cCHAP
082 1 4 _a547
_bSco83
100 1 _aScott, Ronald M.
_9103403
245 1 0 _aIntroduction to organic and biological chemistry
_c/por Ronald M. Scott
260 _aNew York :
_bHarper & Row
_c1980
300 _a566 p. :
_bilus.
590 _aBATCH-UPD
_b10
_c20130110
_lUCH01
_h2037
590 _aBATCH-UPD
_b10
_c20130410
_lUCH01
_h1352
590 _aBATCH-UPD
_b10
_c20130914
_lUCH01
_h0645
590 _aCONVERSION
_b10
_c20130109
_lUCH01
_h1355
650 1 4 _aBioquímica.
_912849
650 1 4 _aQuímica orgánica.
_993598
901 _aBK
942 _cLIBRO
949 _a547 Sco83
_bBC
_cLIBRO
_d33724002200181
_eLIBRO
_gI.c/e
_h112990
_i110552
_sb
999 _c98894
_d98894